<?xml version="1.0" encoding="UTF-8"?>
<collection xmlns="http://www.loc.gov/MARC21/slim">
<record>
  <controlfield tag="001">111843</controlfield>
  <controlfield tag="005">20220329090301.0</controlfield>
  <datafield tag="037" ind1=" " ind2=" ">
    <subfield code="a">TAZ-TFG-2018-996</subfield>
  </datafield>
  <datafield tag="041" ind1=" " ind2=" ">
    <subfield code="a">spa</subfield>
  </datafield>
  <datafield tag="100" ind1="1" ind2=" ">
    <subfield code="a">Fernández Gonzalo, Antonio</subfield>
  </datafield>
  <datafield tag="242" ind1="0" ind2="0">
    <subfield code="a">NEW POSIBILITIES IN THE TREATMENT OF NEUROENDOCRINE TUMORS. PEPTIDE RECEPTOR RADIONUCLIDE THERAPY AND ITS IMPLANTATION IN THE HOSPITAL CLÍNICO UNIVERSITARIO “LOZANO BLESA” OF ZARAGOZA</subfield>
  </datafield>
  <datafield tag="245" ind1="0" ind2="0">
    <subfield code="a">NUEVAS POSIBILIDADES EN EL TRATAMIENTO DE TUMORES NEUROENDOCRINOS. TERAPIA METABÓLICA CON PÉPTIDOS MARCADOS Y SU IMPLANTACIÓN EN EL HOSPITAL CLÍNICO “LOZANO BLESA” DE ZARAGOZA</subfield>
  </datafield>
  <datafield tag="260" ind1=" " ind2=" ">
    <subfield code="a">Zaragoza</subfield>
    <subfield code="b">Universidad de Zaragoza</subfield>
    <subfield code="c">2018</subfield>
  </datafield>
  <datafield tag="506" ind1=" " ind2=" ">
    <subfield code="a">by-nc-sa</subfield>
    <subfield code="b">Creative Commons</subfield>
    <subfield code="c">3.0</subfield>
    <subfield code="u">http://creativecommons.org/licenses/by-nc-sa/3.0/</subfield>
  </datafield>
  <datafield tag="520" ind1=" " ind2=" ">
    <subfield code="a">Objetivo: Este trabajo tiene como objetivo valorar la Terapia Metabólica con Péptidos Marcados (TMPM) como alternativa de utilidad en el tratamiento de pacientes con Tumores Neuroendocrinos (TNEs) y su implantación en la Unidad Clínica Multihospitalaria de Medicina Nuclear de Aragón (UCMHMNA) en el Hospital Clínico Universitario “Lozano Blesa” de Zaragoza (HCULB). Material y métodos: Se ha realizado un estudio epidemiológico del proceso y estudio descriptivo, retrospectivo, observacional y longitudinal. Se ha realizado una revisión bibliográfica sobre la TMPM para valorarla como alternativa en el tratamiento de los Tumores Neuroendocrinos. Se ha realizado una base de datos y establecido unos criterios de inclusión y de exclusión, protocolo de administración dosis y dosimetría de acuerdo a las guías clínicas existentes. Se ha valorado la evolución inicial de los pacientes, analizando clínica, pruebas de laboratorio y de imagen. Resultados: Se han estudiado 5 pacientes a los que se ha realizado TMPM en el HCULB. Todos ellos cumplían criterios de inclusión, expresando receptores de somatostatina en gammagrafías previas. La dosis administrada (200 mCi) y la dosimetría al alta (&lt; 20 Sv/h) se encuentran en parámetros recomendados. No ha habido efectos secundarios de consideración, siendo los síntomas digestivos los más frecuentes. En la valoración gammagráfica al final del tratamiento todos los pacientes se encontraban en estabilidad metabólica y los parámetros analíticos en los límites recomendados.  Conclusiones: La TMPM es una alternativa útil en el tratamiento de TNEs avanzados, en progresión, que expresen receptores de somatostatina. Su introducción en el HCULB se ha realizado de acuerdo a los protocolos existentes, siendo limitados los efectos secundarios apreciados. Al final del tratamiento hemos observado una estabilización metabólica de los pacientes.&lt;br /></subfield>
  </datafield>
  <datafield tag="521" ind1=" " ind2=" ">
    <subfield code="a">Graduado en Medicina</subfield>
  </datafield>
  <datafield tag="540" ind1=" " ind2=" ">
    <subfield code="a">Derechos regulados por licencia Creative Commons</subfield>
  </datafield>
  <datafield tag="700" ind1=" " ind2=" ">
    <subfield code="a">Prats Rivera, Enrique Agustín Jesús</subfield>
    <subfield code="e">dir.</subfield>
  </datafield>
  <datafield tag="710" ind1="2" ind2=" ">
    <subfield code="a">Universidad de Zaragoza</subfield>
    <subfield code="b">Pediatría, Radiología y Medicina Física</subfield>
    <subfield code="c"></subfield>
  </datafield>
  <datafield tag="856" ind1="0" ind2=" ">
    <subfield code="f">646012@celes.unizar.es</subfield>
  </datafield>
  <datafield tag="856" ind1="4" ind2=" ">
    <subfield code="s">1071122</subfield>
    <subfield code="u">http://zaguan.unizar.es/record/111843/files/TAZ-TFG-2018-996.pdf</subfield>
    <subfield code="y">Memoria (spa)</subfield>
  </datafield>
  <datafield tag="909" ind1="C" ind2="O">
    <subfield code="o">oai:zaguan.unizar.es:111843</subfield>
    <subfield code="p">driver</subfield>
    <subfield code="p">trabajos-fin-grado</subfield>
  </datafield>
  <datafield tag="950" ind1=" " ind2=" ">
    <subfield code="a"></subfield>
  </datafield>
  <datafield tag="980" ind1=" " ind2=" ">
    <subfield code="a">TAZ</subfield>
    <subfield code="b">TFG</subfield>
    <subfield code="c">MED</subfield>
  </datafield>
  <datafield tag="999" ind1=" " ind2=" ">
    <subfield code="a">20180603153237.CREATION_DATE</subfield>
  </datafield>
  <datafield tag="951" ind1=" " ind2=" ">
    <subfield code="a">deposita:2022-03-29</subfield>
  </datafield>
</record>
</collection>